Fish-faunistic survey of the Jászsági Canal system
Elmentve itt :
| Szerzők: | |
|---|---|
| Dokumentumtípus: | Könyv része |
| Megjelent: |
2000
|
| Sorozat: | Tiscia monograph series
Ecology of river valleys |
| Kulcsszavak: | Jászság - ökológia, Élővilág - Jászság, Halak, Állatvilág |
| Tárgyszavak: | |
| Online Access: | http://acta.bibl.u-szeged.hu/10251 |
| LEADER | 00797naa a2200229 i 4500 | ||
|---|---|---|---|
| 001 | acta10251 | ||
| 005 | 20220307140407.0 | ||
| 008 | 161015s2000 hu o 0|| eng d | ||
| 022 | |a 1418-0448 | ||
| 040 | |a SZTE Egyetemi Kiadványok Repozitórium |b hun | ||
| 041 | |a eng | ||
| 100 | 1 | |a Pekli J. | |
| 245 | 1 | 0 | |a Fish-faunistic survey of the Jászsági Canal system |h [elektronikus dokumentum] / |c Pekli J. |
| 260 | |c 2000 | ||
| 300 | |a 203-206 | ||
| 490 | 0 | |a Tiscia monograph series | |
| 490 | 0 | |a Ecology of river valleys | |
| 650 | 4 | |a Természettudományok | |
| 650 | 4 | |a Biológiai tudományok | |
| 695 | |a Jászság - ökológia, Élővilág - Jászság, Halak, Állatvilág | ||
| 700 | 0 | 1 | |a Zsuga Katalin |e aut |
| 856 | 4 | 0 | |u http://acta.bibl.u-szeged.hu/10251/1/tiscia_mono_005_203-206.pdf |z Dokumentum-elérés |